Povrchová úprava návody na cvičenia

Gespeichert in:
Bibliographische Detailangaben
Hauptverfasser: Liptáková, Eva, 1933-, Bogomilov Ivanov, Ivan (Verfasst von), Kúdela, Jozef, 1954- (Verfasst von), Ladomerský, Juraj, 1948- (Verfasst von), Urgela, Stanislav (Verfasst von), Muzikař, Zdeněk (Verfasst von)
Format: Buch
Sprache:Slowakisch
Veröffentlicht: Vo Zvolene Technická univerzita 2001
Schlagworte:
Online-Zugang:Im OPAC anzeigen
Tags: Tag hinzufügen
Keine Tags, Fügen Sie das erste Tag hinzu!

MARC

LEADER 00000nam a2200000 a 4500
005 20260127134358.0
008 171219s2001 xo aap r yy 0 slo
015 |a SNBA2001/08-02736 
020 |a 8022809934 
035 |a vtls001414025 
035 |a SNK000368751 
035 |a urn:nbn:sk:snk-amyer3 
035 |a urn:nbn:sk:snk-am00ceus 
035 |a 08F460DC-2DCA-482C-B4D4-B28795695D8C 
039 9 |a 202004231105  |b AUTHORITY  |c 202004231047  |d AUTHORITY  |c 201712190830  |d VLOAD  |c 201606061656  |d VLOAD  |y 200412291059  |z VLOAD 
040 |a SNK  |b slo  |c SNK  |d STUSCHK1  |e AACR2 
041 0 |a slo 
044 |a xo  |c SK 
080 |a 674.07:667.63(075.8)(076.5)  |2 1981 
080 |a 667.63(075.8)(076.5)  |2 1981 
100 1 |a Liptáková, Eva,  |d 1933-  |9 206 
245 1 |a Povrchová úprava  |b návody na cvičenia  |c Eva Liptáková a kolektív 
260 |a Vo Zvolene  |b Technická univerzita  |c 2001 
300 |a 174 s.  |b fotogr., sch., tab.  |c 29 cm 
500 |a 200 výt. 
504 |a Bibliogr. odkazy 
650 0 7 |a drevo  |x úprava povrchová  |x cvičenia praktické  |x učebnice vysokoškolské  |2 SNK 
655 7 |a učebnice  |2 SNK 
700 1 |a Bogomilov Ivanov, Ivan  |4 aut 
700 1 |a Kúdela, Jozef,  |d 1954-  |4 aut  |9 158 
700 1 |a Ladomerský, Juraj,  |d 1948-  |4 aut  |9 907 
700 1 |a Urgela, Stanislav  |4 aut 
700 1 |a Muzikař, Zdeněk  |4 aut 
752 |d Zvolen  |4 650 
919 |a 80-228-0993-4 
958 |a TL 
958 |a NB 
958 |a UV 
999 |c 11295  |d 11295